LEADER 01174nam0-2200313---450- 001 990009390990403321 005 20110705101403.0 035 $a000939099 035 $aFED01000939099 035 $a(Aleph)000939099FED01 035 $a000939099 100 $a20110705f18901900km-y0itaa50------ba 101 0 $aita 102 $aIT 105 $aa-------001yy 200 1 $aTesto-atlante di geografia storica generale e d'Italia in particolare$eespressamente compilato per le scuole italiane conforme ai loro programmi$fArcangelo Ghisleri 210 $aBergamo$cFratelli Cattaneo successori Gaffuri e Gatti$d[189.] 215 $av.$cill., c. geogr.$d29 cm 327 0 $a1.1: Mondo antico : ad uso del ginnasio superiore e di ogni persona colta : Oriente e Grecia : per la 4. classe ginnasiale. - [pref. 1891] 610 0 $aItalia$aAtlanti storici 676 $a911 700 1$aGhisleri,$bArcangelo$f<1855-1938>$075333 801 0$aIT$bUNINA$gRICA$2UNIMARC 901 $aBK 912 $a990009390990403321 952 $aDep C 1$b3177$fDMVSF 959 $aDMVSF 996 $aTesto - atlante di geografia storica generale e d'Italia in particolare$947995 997 $aUNINA LEADER 01157nam--2200361---450- 001 990002292430203316 005 20090616172411.0 035 $a000229243 035 $aUSA01000229243 035 $a(ALEPH)000229243USA01 035 $a000229243 100 $a20041221d1983----km-y0itay0103----ba 101 0 $aita 102 $aIT 105 $a||||||||001yy 200 1 $aAtti del Convegno su Alcolismo: ospedale e territorio$eRoma, 5-6 marzo 1982 210 $aRoma$cIstituto italiano di medicina sociale$d1983 215 $a194 p.$d24 cm 300 $aIn testa al front.: Unita sanitaria locale RM/17 410 0$12001 454 1$12001 461 1$1001-------$12001 676 $a616.86 710 12$aConvegno su Alcolismo: ospedale e territorio$f<1982 ;$eRoma>$0570659 801 0$aIT$bsalbc$gISBD 912 $a990002292430203316 951 $a616.86 Att 1 (IG XVI 64)$b16677 E.C.$c616.86 Att 1 (IG XVI)$d00232697 959 $aBK 969 $aGIU 979 $aSIAV6$b10$c20041221$lUSA01$h1834 979 $aRSIAV1$b90$c20090616$lUSA01$h1724 996 $aAtti del Convegno su Alcolismo: ospedale e territorio$91067932 997 $aUNISA